01256nam a2200301 a 4500001001100000003000800011006001900019007001500038008004100053010001700094020003300111040002100144035002000165050002400185082003200209100003100241245013200272260004500404300001100449504006400460533015200524650006300676650003100739655002900770710001700799856012500816999001300941ebr5004450CaPaEBRm u cr cn|||||||||931220s1994 ctu sb 001 0 eng  z 93049033  z089930799X (acid-free paper) aCaPaEBRcCaPaEBR a(OCoLC)4998104014aKF1428b.G87 1994eb04a346.73/0664a347.3066642201 aGutterman, Alan S.,d1955-14aThe legal considerations in business financingh[electronic resource] :ba guide for corporate management /cAlan S. Gutterman. aWestport, Conn. :bQuorum Books,cc1994. a279 p. aIncludes bibliographical references (p. 273-274) and index. aElectronic reproduction.bPalo Alto, Calif. :cebrary,d2013.nAvailable via World Wide Web.nAccess may be limited to ebrary affiliated libraries. 0aCorporationsxFinancexLaw and legislationzUnited States. 0aSecuritieszUnited States. 7aElectronic books.2local2 aebrary, Inc.40uhttp://site.ebrary.com/lib/rucke/Doc?id=5004450zAn electronic book accessible through the World Wide Web; click to view c786d786